[Event "SR 3. liga A2 2012/2013"]
[Site "?"]
[Date "2012.12.09"]
[Round "5.3"]
[White "Strakac, Petr"]
[Black "Darazs, Zoltan"]
[Result "0-1"]
[WhiteElo "2066"]
[BlackElo "2124"]
[PlyCount "90"]
[EventDate "2012.??.??"]

1. e4 e5 2. Nf3 Nc6 3. Bb5 a6 4. Bxc6 dxc6 5. d4 exd4 6. Qxd4 Qxd4 7. Nxd4 Nf6
8. f3 Bc5 9. Be3 Bd7 10. Kf2 O-O-O 11. Nc3 Bd6 12. Rad1 c5 13. Nde2 b5 14. Bf4
b4 15. e5 bxc3 16. exd6 cxb2 17. dxc7 Rde8 18. Nc3 Re6 19. Rd2 Rb6 20. Rb1 Be6
21. g4 Rb4 22. Bg3 h6 23. Rd6 a5 24. a3 Rb7 25. Ra6 Kd7 26. Rd1+ Ke7 27. Bd6+
Kd7 28. Be5+ Ke7 29. Rxa5 Nd5 30. Nb5 f6 31. c4 fxe5 32. cxd5 Bxd5 33. Nc3 Bb3
34. Re1 Kd6 35. Ne4+ Kxc7 36. Rxc5+ Kb8 37. Nd2 Rc8 38. Ne4 Rxc5 39. Nxc5 Bc2
40. Nxb7 Kxb7 41. Ke3 b1=Q 42. Rxb1+ Bxb1 43. h4 g5 44. hxg5 hxg5 45. Kd2 Ba2
0-1

[Event "SR 3. liga A2 2012/2013"]
[Site "?"]
[Date "2012.12.09"]
[Round "5.3"]
[White "Marosi, Csaba"]
[Black "Hudacek, Josef"]
[Result "1/2-1/2"]
[WhiteElo "1949"]
[BlackElo "2067"]
[PlyCount "113"]
[EventDate "2012.??.??"]

1. e4 c6 2. Nc3 d6 3. d4 Nf6 4. f3 Nbd7 5. Be3 Qb6 6. Rb1 e6 7. Qd2 Qc7 8. Bd3
Be7 9. Nge2 a6 10. O-O b5 11. Nd1 e5 12. c4 O-O 13. Nf2 Nb6 14. cxb5 axb5 15.
b3 Bd7 16. Rbc1 Qb7 17. f4 exd4 18. Nxd4 Nc8 19. Nf3 Ne8 20. e5 f5 21. Rfe1 Nc7
22. Bd4 c5 23. exd6 Bxd6 24. Bxc5 Bc6 25. Bxd6 Nxd6 26. Bf1 Ne4 27. Nxe4 fxe4
28. Ne5 Be8 29. Re2 Ne6 30. g3 Rd8 31. Qe3 Nd4 32. Ree1 Qa7 33. Qf2 Rd5 34.
Rcd1 Qc5 35. Kh1 Rxe5 36. Qxd4 Qxd4 37. Rxd4 Re7 38. Bg2 Bc6 39. Kg1 Rfe8 40.
Re2 Kf7 41. Rd6 Re6 42. Rxe6 Rxe6 43. Kf1 Kf6 44. Ke1 g5 45. fxg5+ Kxg5 46. h3
Kf5 47. Rc2 Ke5 48. Ke2 Kd4 49. Rd2+ Kc3 50. Ke3 Rg6 51. g4 h5 52. Rd8 hxg4 53.
hxg4 Rxg4 54. Rc8 Rxg2 55. Rxc6+ Kb4 56. a4 bxa4 57. bxa4 1/2-1/2

[Event "SR 3. liga A2 2012/2013"]
[Site "?"]
[Date "2012.12.09"]
[Round "5.3"]
[White "Harastova, Viera"]
[Black "Meszaros, Lorant"]
[Result "1-0"]
[WhiteElo "1851"]
[BlackElo "2048"]
[PlyCount "79"]
[EventDate "2012.??.??"]

1. d4 f5 2. Nf3 Nf6 3. c4 g6 4. Nc3 Bg7 5. e3 O-O 6. b3 d6 7. Bb2 Qe8 8. d5 Kh8
9. Qc2 e5 10. dxe6 Bxe6 11. Be2 a6 12. O-O Nc6 13. a3 Ne5 14. Nxe5 dxe5 15. e4
c6 16. f3 f4 17. Rad1 Rd8 18. Rxd8 Qxd8 19. Rd1 Qb6+ 20. Kh1 g5 21. Na4 Qc7 22.
Nc5 Bc8 23. Nd3 Re8 24. Bxe5 Qe7 25. b4 h5 26. g3 fxg3 27. hxg3 g4 28. Nf4 Qf7
29. Bd4 gxf3 30. Bxf3 Bg4 31. Bxg4 hxg4 32. e5 Nh7 33. Kg2 Kg8 34. e6 Qe7 35.
Bxg7 Qxg7 36. Rd7 Qh6 37. Qf5 Nf6 38. Rd6 Kg7 39. Rd1 Qh7 40. Qg5+ 1-0

[Event "SR 3. liga A2 2012/2013"]
[Site "?"]
[Date "2012.12.09"]
[Round "5.3"]
[White "Kalmar, Tamas"]
[Black "Kubis, Ivan"]
[Result "1-0"]
[WhiteElo "1920"]
[BlackElo "2013"]
[PlyCount "63"]
[EventDate "2012.??.??"]

1. d4 Nf6 2. c4 e6 3. Nf3 b6 4. g3 Ba6 5. Qc2 c5 6. Bg2 Bb7 7. dxc5 Bxc5 8. Nc3
Nc6 9. O-O O-O 10. Bg5 Rc8 11. Rfd1 Nb4 12. Qd2 h6 13. Bxf6 Qxf6 14. a3 Na6 15.
Qxd7 Bc6 16. Qd3 Rfd8 17. Qc2 b5 18. Rxd8+ Qxd8 19. b4 Nxb4 20. axb4 Bxb4 21.
Qb3 a5 22. Nxb5 Qf6 23. Rd1 Bc5 24. Qc3 Qxc3 25. Nxc3 Bb4 26. Na2 Ba4 27. Rb1
Rxc4 28. Nxb4 axb4 29. Nd2 Rd4 30. Rb2 Bd1 31. Bf3 b3 32. e3 1-0

[Event "SR 3. liga A2 2012/2013"]
[Site "?"]
[Date "2012.12.09"]
[Round "5.3"]
[White "Vepy, Ivan"]
[Black "Szitasi, Janos"]
[Result "0-1"]
[WhiteElo "1921"]
[BlackElo "1963"]
[PlyCount "124"]
[EventDate "2012.??.??"]

1. e4 c5 2. Nf3 d6 3. Be2 Nc6 4. O-O Nf6 5. Nc3 g6 6. h3 Bg7 7. d3 O-O 8. Re1
d5 9. Nxd5 Nxd5 10. exd5 Qxd5 11. c3 Rd8 12. Qb3 Qxb3 13. axb3 Be6 14. Be3 b6
15. Nd2 a5 16. Nc4 Bxc4 17. dxc4 Rac8 18. Bf4 e5 19. Be3 f5 20. Bg5 Re8 21.
Rad1 h6 22. Bc1 Rcd8 23. g4 Rxd1 24. Bxd1 Rd8 25. Bc2 e4 26. Rd1 Rxd1+ 27. Bxd1
Ne5 28. Bc2 Kf7 29. gxf5 gxf5 30. Kg2 Kg6 31. Kg3 Nf3 32. Bf4 Be5 33. Bd1 Bxf4+
34. Kxf4 Ng5 35. h4 Nf7 36. f3 exf3 37. Bxf3 Kf6 38. Bd5 Ne5 39. Bb7 Ng6+ 40.
Kg3 Ke5 41. Bc6 Nf4 42. Kf3 Nh5 43. Ke3 Nf6 44. Kf3 Ne4 45. Ke3 f4+ 46. Kf3
Nd2+ 47. Ke2 Nxb3 48. Kd3 a4 49. Bxa4 Na5 50. b4 Nb7 51. Bc6 Nd6 52. Bf3 Nf5
53. h5 Ng3 54. Bg4 Kf6 55. bxc5 bxc5 56. Bf3 Kf5 57. Bd1 Ne4 58. Bf3 Ng5 59.
Bc6 Kg4 60. Be8 Kg3 61. Ke2 f3+ 62. Kf1 Ne4 0-1

[Event "SR 3. liga A2 2012/2013"]
[Site "?"]
[Date "2012.12.09"]
[Round "5.3"]
[White "Vegh, Vince"]
[Black "Hrubsa, Marian"]
[Result "1-0"]
[WhiteElo "1932"]
[BlackElo "1820"]
[PlyCount "127"]
[EventDate "2012.??.??"]

1. e4 e6 2. Qe2 c5 3. Nf3 Nf6 4. g3 Nc6 5. Bg2 g6 6. O-O Bg7 7. c3 O-O 8. d4 b6
9. Bg5 Qc7 10. Bf4 d6 11. e5 Nd5 12. Bg5 dxe5 13. c4 Nde7 14. Bxe7 Qxe7 15. d5
exd5 16. cxd5 Nb4 17. Nc3 Ba6 18. Qd2 Bxf1 19. Rxf1 Rad8 20. Rd1 Nc6 21. Qe2
Nd4 22. Nxd4 cxd4 23. Rxd4 exd4 24. Qxe7 dxc3 25. bxc3 Rfe8 26. Qb7 Re1+ 27.
Bf1 Rd1 28. c4 Bd4 29. Qe7 Rf8 30. Qe2 Ra1 31. d6 Bc5 32. d7 h5 33. Kg2 Kh7 34.
Kh3 a5 35. Bg2 Bb4 36. Be4 Re1 37. Qxh5+ Kg7 38. Qd5 Be7 39. Qd3 Rg1 40. Qd4+
Bf6 41. Qxb6 Rh8+ 42. Kg4 Rd1 43. Qb5 Rh5 44. Bd5 Rd3 45. h4 Rd2 46. Qb6 Rh8
47. Qxa5 Rxf2 48. Qe1 Rf5 49. a4 Bd8 50. a5 Bc7 51. a6 Re5 52. Qc3 f5+ 53. Kf3
Kh7 54. a7 g5 55. a8=Q g4+ 56. Kf2 Rxa8 57. Bxa8 Ra5 58. Bd5 Ra2+ 59. Kf1 Bd8
60. Qe5 Ra3 61. Qxf5+ Kh6 62. Qf8+ Kh7 63. Qxa3 Kg7 64. c5 1-0

[Event "SR 3. liga A2 2012/2013"]
[Site "?"]
[Date "2012.12.09"]
[Round "5.3"]
[White "Vach, Jozef"]
[Black "Szekely, Stefan"]
[Result "1/2-1/2"]
[WhiteElo "1793"]
[BlackElo "1897"]
[PlyCount "20"]
[EventDate "2012.??.??"]

1. d4 d6 2. c4 Nf6 3. Nc3 g6 4. e4 c6 5. Bf4 Nh5 6. Be3 Bg7 7. Be2 Nf6 8. e5
dxe5 9. dxe5 Qxd1+ 10. Rxd1 Ng4 1/2-1/2

[Event "SR 3. liga A2 2012/2013"]
[Site "?"]
[Date "2012.12.09"]
[Round "5.4"]
[White "Bincik, Pavol"]
[Black "Bisco, Igor"]
[Result "1/2-1/2"]
[WhiteElo "1937"]
[BlackElo "2143"]
[PlyCount "27"]
[EventDate "2012.??.??"]

1. d4 Nf6 2. c4 g6 3. Nc3 Bg7 4. e4 d6 5. f3 O-O 6. Be3 Nc6 7. Bd3 Re8 8. Nge2
a6 9. Qd2 Rb8 10. O-O Nd7 11. f4 Nb4 12. Bb1 b5 13. a3 Nc6 14. cxb5 1/2-1/2

[Event "SR 3. liga A2 2012/2013"]
[Site "?"]
[Date "2012.12.09"]
[Round "5.4"]
[White "Majtan, Martin"]
[Black "Nemsak, Denis"]
[Result "1-0"]
[WhiteElo "1856"]
[BlackElo "1873"]
[PlyCount "117"]
[EventDate "2012.??.??"]

1. e4 d5 2. exd5 Nf6 3. Nc3 Nxd5 4. Bc4 Nb6 5. Bb3 g6 6. Qf3 e6 7. d3 Bg7 8.
Nh3 h6 9. O-O O-O 10. Nf4 Nc6 11. Re1 Nd4 12. Qg3 Nxb3 13. axb3 e5 14. Nh3 Nd5
15. Bd2 Be6 16. Ne4 Ne7 17. Nc5 Bd5 18. Bc3 Nf5 19. Qg4 Re8 20. f4 h5 21. Qd1
b6 22. Ne4 exf4 23. Bxg7 Kxg7 24. Nxf4 Bb7 25. Qd2 Qd4+ 26. Qf2 Qxb2 27. Nxh5+
gxh5 28. Qxf5 Bxe4 29. dxe4 Re5 30. Qf2 f6 31. Rad1 Rf8 32. Rd7+ Rf7 33. Qg3+
Kf8 34. Rd8+ Re8 35. Rxe8+ Kxe8 36. Qg8+ Ke7 37. Rd1 Rf8 38. Qd5 Re8 39. Qf5
Qe5 40. Rd7+ Kf8 41. Qh7 Re7 42. Rd8+ Re8 43. Qh8+ Kf7 44. Rxe8 Qxe8 45. Qxh5+
Ke7 46. Qxe8+ Kxe8 47. Kf2 a5 48. Ke3 Ke7 49. Kd3 Ke6 50. Kd4 b5 51. Kc5 c6 52.
h4 f5 53. exf5+ Kxf5 54. g3 Kg4 55. Kd4 Kh5 56. Kc3 Kg4 57. Kb2 Kh5 58. Ka3 Kg4
59. c4 1-0

[Event "SR 3. liga A2 2012/2013"]
[Site "?"]
[Date "2012.12.09"]
[Round "5.4"]
[White "Slaby, Jozef"]
[Black "Gajarsky, Roman"]
[Result "1-0"]
[WhiteElo "1890"]
[BlackElo "1873"]
[PlyCount "126"]
[EventDate "2012.??.??"]

1. d4 f5 2. c4 Nf6 3. Nf3 d6 4. Nc3 g6 5. h3 Bg7 6. Bf4 Nh5 7. Bd2 e5 8. dxe5
Bxe5 9. Nxe5 dxe5 10. Qc2 Be6 11. e4 Nc6 12. O-O-O Nd4 13. Qa4+ c6 14. exf5
gxf5 15. Be3 Qb6 16. Be2 Nf6 17. Rhe1 Kf7 18. Bf1 c5 19. f4 e4 20. Nd5 Bxd5 21.
cxd5 Qd6 22. Kb1 Rhd8 23. Bxd4 cxd4 24. Rxd4 Qxf4 25. Qb3 Kg6 26. Red1 Rd7 27.
d6 Rad8 28. Qb4 a6 29. Be2 h5 30. Qc5 Qe3 31. Qc4 b5 32. Qc2 Qf4 33. Qc5 Qe3
34. Qc2 Qg3 35. Qc5 Qxg2 36. Bf1 Qf2 37. Qe5 Re8 38. Qc5 Qf4 39. R4d2 Qe5 40.
Rg2+ Kf7 41. Qb6 Nd5 42. Qg1 Rxd6 43. Be2 Nf4 44. Rxd6 Qxd6 45. Rg7+ Ke6 46.
Bd1 Rf8 47. Rb7 Rb8 48. Bb3+ Nd5 49. Qg6+ Ke5 50. Qxd6+ Kxd6 51. Rxb8 Nf4 52.
Rh8 Ke5 53. Bd1 e3 54. Kc2 Ke4 55. Re8+ Kd4 56. Bf3 Nxh3 57. Bxh5 f4 58. Bf3
Ng5 59. Rd8+ Kc4 60. Be2+ Kc5 61. Rf8 Ne6 62. Rf6 Kd5 63. Bg4 Nc5 1-0

[Event "SR 3. liga A2 2012/2013"]
[Site "?"]
[Date "2012.12.09"]
[Round "5.4"]
[White "Janas, Peter"]
[Black "Strapko, Tomas"]
[Result "1/2-1/2"]
[WhiteElo "1756"]
[BlackElo "1880"]
[PlyCount "69"]
[EventDate "2012.??.??"]

1. d4 Nf6 2. Nf3 d5 3. g3 e6 4. Bg2 c5 5. c3 Nc6 6. O-O Bd6 7. Bg5 h6 8. Bc1
O-O 9. Nfd2 cxd4 10. cxd4 Bd7 11. Nb3 b6 12. Bd2 Rc8 13. Bc3 Ne4 14. Be1 g5 15.
N1d2 Nxd2 16. Bxd2 f5 17. e3 Qf6 18. Rc1 g4 19. Na1 h5 20. a3 Kg7 21. f3 Rh8
22. Bc3 Rcf8 23. f4 h4 24. Kf2 Rc8 25. Rh1 Rc7 26. Rg1 Na5 27. Bxa5 bxa5 28.
Rxc7 Bxc7 29. Qc2 Rc8 30. Qd2 Bb6 31. Rc1 hxg3+ 32. hxg3 Qd8 33. Rxc8 Qxc8 34.
Nb3 a4 35. Nc1 1/2-1/2

[Event "SR 3. liga A2 2012/2013"]
[Site "?"]
[Date "2012.12.09"]
[Round "5.4"]
[White "Curidlo, Jan"]
[Black "Jancicka, Viliam"]
[Result "1-0"]
[WhiteElo "1880"]
[BlackElo "1795"]
[PlyCount "59"]
[EventDate "2012.??.??"]

1. e4 c5 2. Nf3 Nc6 3. d4 cxd4 4. Nxd4 e5 5. Nb5 d6 6. N1c3 a6 7. Na3 Nf6 8.
Bg5 Be7 9. Qd2 Be6 10. Bd3 O-O 11. h3 Rc8 12. O-O Nd4 13. Ne2 Nxe2+ 14. Qxe2
Qc7 15. c3 Rfe8 16. Nc2 d5 17. exd5 Bxd5 18. Ne3 Be6 19. Nf5 Bxf5 20. Bxf5 g6
21. Bxc8 Rxc8 22. Rfd1 Re8 23. Rd2 Nd7 24. Bxe7 Rxe7 25. Rad1 f6 26. Rd5 Kf7
27. b3 Nb6 28. Rd6 Nd7 29. Qe4 Nb6 30. Qh4 1-0

[Event "SR 3. liga A2 2012/2013"]
[Site "?"]
[Date "2012.12.09"]
[Round "5.4"]
[White "Niznansky, Lukas"]
[Black "Gubis, Vladimir"]
[Result "1/2-1/2"]
[WhiteElo "1674"]
[BlackElo "1834"]
[PlyCount "136"]
[EventDate "2012.??.??"]

1. e4 c5 2. Nf3 d6 3. d4 cxd4 4. Nxd4 Nf6 5. Nc3 a6 6. a4 b6 7. Bc4 Qc7 8. Be2
Nbd7 9. O-O Bb7 10. f3 g6 11. Be3 Ne5 12. Rc1 Bg7 13. Nb3 O-O 14. Qd4 Ned7 15.
Qd2 Rfe8 16. Kh1 Rad8 17. Rfd1 Nc5 18. Nxc5 dxc5 19. Qe1 e6 20. Qf1 Qc8 21. Bg5
h6 22. Bf4 Nh5 23. Be3 Nf6 24. Qe1 e5 25. Bc4 Rd4 26. Be2 Rxd1 27. Rxd1 Rd8 28.
Qh4 Rxd1+ 29. Nxd1 g5 30. Qe1 Qd7 31. Nc3 Ne8 32. Bc4 Nc7 33. Qd2 Qxd2 34. Bxd2
Bc6 35. b3 b5 36. axb5 axb5 37. Bd3 Bf8 38. Ne2 Bd7 39. Ba5 Ne6 40. Nc3 Nd4 41.
Nd5 Kg7 42. Bc7 f6 43. Bd8 f5 44. Bf6+ Kf7 45. Bxe5 fxe4 46. Bxe4 Bf5 47. Bxf5
Nxf5 48. Nc3 b4 49. Ne4 Ke6 50. Bf6 Ne3 51. c4 bxc3 52. Bxc3 Nd5 53. Bb2 Kd7
54. Kg1 Kc6 55. Kf2 Nf4 56. Bc3 Kb5 57. g3 Nd3+ 58. Ke3 Nc1 59. Nd2 Nxb3 60.
Nxb3 Kc4 61. Nxc5 Bxc5+ 62. Kd2 h5 63. h4 gxh4 64. gxh4 Kd5 65. Bf6 Ke6 66. Bg5
Kf5 67. Kd3 Bf2 68. Ke2 Bc5 1/2-1/2

[Event "SR 3. liga A2 2012/2013"]
[Site "?"]
[Date "2012.12.09"]
[Round "5.4"]
[White "Nedorost, Lubomir"]
[Black "Tupy, Bystrik"]
[Result "1-0"]
[WhiteElo "1687"]
[BlackElo "1538"]
[PlyCount "93"]
[EventDate "2012.??.??"]

1. e4 e5 2. Nc3 Nc6 3. Bc4 Bc5 4. d3 Qf6 5. Be3 Bxe3 6. fxe3 Nge7 7. Nb5 Kd8 8.
Nf3 d6 9. O-O Be6 10. Nfd4 Qh6 11. Nxe6+ fxe6 12. Qf3 Kd7 13. c3 a6 14. Na3
Rhf8 15. Qe2 Rf6 16. Rxf6 gxf6 17. Rf1 Rf8 18. Nc2 f5 19. exf5 exf5 20. a4 Qg5
21. b4 d5 22. Ba2 f4 23. b5 axb5 24. axb5 Nd8 25. Ne1 c6 26. Nf3 Qh5 27. exf4
Kc7 28. bxc6 Ndxc6 29. fxe5 Qg4 30. d4 Rg8 31. Rf2 h5 32. Kh1 h4 33. h3 Qf4 34.
Ng1 Qc1 35. Qf3 Rg3 36. Qf6 Qxc3 37. Ne2 Qa1+ 38. Ng1 Qxd4 39. Qd6+ Kb6 40. Rf1
Qxe5 41. Rb1+ Ka7 42. Qd7 Qb8 43. Bxd5 Nxd5 44. Qxd5 Qe5 45. Qd7 Qe7 46. Rxb7+
Ka6 47. Qxc6+ 1-0

[Event "SR 3. liga A2 2012/2013"]
[Site "?"]
[Date "2012.12.09"]
[Round "5.4"]
[White "Drgon, Matus"]
[Black "Sedlak, Rastislav"]
[Result "1/2-1/2"]
[WhiteElo "1643"]
[BlackElo "1592"]
[PlyCount "90"]
[EventDate "2012.??.??"]

1. e4 e5 2. Nf3 Nc6 3. Bc4 Bc5 4. c3 Nf6 5. d3 h6 6. Nbd2 O-O 7. O-O d6 8. h3
Be6 9. b4 Bb6 10. Bxe6 fxe6 11. Nc4 Nd7 12. a4 a6 13. Be3 Ba7 14. Nh2 d5 15.
Bxa7 dxc4 16. Be3 cxd3 17. Qxd3 Nf6 18. Qc4 Re8 19. Rfd1 Qe7 20. Rd2 Red8 21.
Rad1 Rxd2 22. Rxd2 Rd8 23. Bc5 Qe8 24. Rxd8 Nxd8 25. Nf3 Nf7 26. Qd3 Qxa4 27.
Nh4 Qc6 28. f3 Kh7 29. g4 g5 30. Ng2 Nd6 31. Ne3 Kg6 32. Nc4 Nxc4 33. Qxc4 b6
34. Qxa6 Nd7 35. Qc8 Kf7 36. Bf2 Qd6 37. Qh8 Qf8 38. Qh7+ Qg7 39. Qxg7+ Kxg7
40. h4 b5 41. hxg5 hxg5 42. Be3 Kf6 43. Kf2 c6 44. Ke2 Nf8 45. Bf2 Ng6 1/2-1/2

[Event "SR 3. liga A2 2012/2013"]
[Site "?"]
[Date "2012.12.09"]
[Round "5.5"]
[White "Kovacocy, Pavel"]
[Black "Sturdik, Igor"]
[Result "1-0"]
[WhiteElo "2221"]
[BlackElo "2027"]
[PlyCount "67"]
[EventDate "2012.??.??"]

1. c4 e5 2. g3 Nc6 3. Bg2 Bc5 4. Nc3 Nf6 5. e3 O-O 6. a3 a5 7. Nge2 Re8 8. d3
d6 9. O-O Be6 10. d4 exd4 11. exd4 Bxc4 12. dxc5 dxc5 13. Qxd8 Raxd8 14. Bxc6
bxc6 15. Be3 Nd5 16. Rfd1 Nxe3 17. fxe3 Bb3 18. Rxd8 Rxd8 19. Kf2 Rd2 20. Ke1
Rxb2 21. Rb1 Rxb1+ 22. Nxb1 f5 23. Kd2 Kf7 24. Kc3 Ba2 25. Nd2 g5 26. Nc1 Bd5
27. Ncb3 Ke6 28. Nxa5 c4 29. Ndxc4 c5 30. Nb3 f4 31. exf4 gxf4 32. gxf4 Bc6 33.
Ne3 Bb5 34. Nxc5+ 1-0

[Event "SR 3. liga A2 2012/2013"]
[Site "?"]
[Date "2012.12.09"]
[Round "5.5"]
[White "Bahna, Jan"]
[Black "Cechovic, Stefan"]
[Result "0-1"]
[WhiteElo "1943"]
[BlackElo "2169"]
[PlyCount "108"]
[EventDate "2012.??.??"]

1. e4 c6 2. d4 d6 3. Nf3 Nf6 4. Nbd2 Qc7 5. Be2 Bg4 6. h3 Bh5 7. O-O Nbd7 8.
Re1 e5 9. c4 Be7 10. b3 Bxf3 11. Nxf3 Nxe4 12. Bb2 exd4 13. Nxd4 Kf8 14. Bf3
Nef6 15. Rxe7 Kxe7 16. Nf5+ Kf8 17. Nxd6 Rd8 18. Ba3 Kg8 19. Qe2 Nf8 20. c5 Ne6
21. b4 Nd4 22. Qd3 Nxf3+ 23. Qxf3 Nd5 24. Re1 h6 25. Qf5 g6 26. Qe5 Kh7 27. Bb2
f6 28. Qe6 Rhf8 29. a3 Qd7 30. Qe4 b6 31. h4 h5 32. Bc1 Qg4 33. Qxg4 hxg4 34.
Kh2 bxc5 35. bxc5 Rb8 36. Kg3 f5 37. h5 gxh5 38. Kh4 Kg6 39. Re6+ Rf6 40. Re1
f4 41. Re5 Rb1 42. Rg5+ Kh7 43. Rxh5+ Kg8 44. Rg5+ Kf8 45. Bd2 g3 46. fxg3 fxg3
47. Rxg3 Ne7 48. Bg5 Nf5+ 49. Nxf5 Rxf5 50. Bh6+ Kf7 51. Rg7+ Ke6 52. Bg5 a5
53. Be7 Rf7 54. Rxf7 Kxf7 0-1

[Event "SR 3. liga A2 2012/2013"]
[Site "?"]
[Date "2012.12.09"]
[Round "5.5"]
[White "Liptak, Tomas"]
[Black "Krist, Milan"]
[Result "0-1"]
[WhiteElo "2082"]
[BlackElo "1985"]
[PlyCount "124"]
[EventDate "2012.??.??"]

1. e4 c6 2. d3 d5 3. Nd2 g6 4. f4 Bg7 5. Ngf3 Qb6 6. Nb3 d4 7. g3 c5 8. Bg2 Nc6
9. Nfd2 Be6 10. O-O Nf6 11. h3 Rc8 12. g4 Nd7 13. f5 Bxb3 14. axb3 Nce5 15. Nc4
Nxc4 16. bxc4 a6 17. b3 O-O 18. Qe1 Be5 19. Qh4 Qd6 20. Bd2 Bg3 21. Qh6 Be5 22.
g5 gxf5 23. Qxd6 exd6 24. exf5 Rb8 25. Be4 f6 26. g6 Kg7 27. h4 hxg6 28. fxg6
Rh8 29. Kg2 Rxh4 30. Rh1 Rbh8 31. Rxh4 Rxh4 32. Be1 Rxe4 33. dxe4 Kxg6 34. Kf3
f5 35. Bd2 fxe4+ 36. Kxe4 Nf6+ 37. Kf3 Kf5 38. Rh1 b5 39. Ra1 d3 40. c3 bxc4
41. bxc4 Ne4 42. Rd1 a5 43. Be1 Nxc3 44. Rxd3 Na4 45. Rd1 Nb2 46. Rc1 Nd3 47.
Rd1 Nb4 48. Bg3 Nc6 49. Rd3 Ke6 50. Ra3 Bxg3 51. Kxg3 Ke5 52. Kf3 Kd4 53. Ra4
Kc3 54. Ke4 Kb3 55. Ra1 Nb4 56. Rd1 Kxc4 57. Rxd6 a4 58. Rd8 a3 59. Ra8 Nd5 60.
Ra5 Nc3+ 61. Ke3 Kb4 62. Ra8 Na4 0-1

[Event "SR 3. liga A2 2012/2013"]
[Site "?"]
[Date "2012.12.09"]
[Round "5.5"]
[White "Mosny, Jaroslav"]
[Black "Liptak, Dusan"]
[Result "0-1"]
[WhiteElo "1923"]
[BlackElo "2060"]
[PlyCount "74"]
[EventDate "2012.??.??"]

1. d4 f5 2. g3 Nf6 3. Bg2 g6 4. Nf3 Bg7 5. O-O O-O 6. c4 d6 7. Nc3 Nc6 8. d5
Ne5 9. Nxe5 dxe5 10. e4 e6 11. Bg5 h6 12. Be3 Qe7 13. Qe2 g5 14. dxe6 f4 15.
Bd2 Bxe6 16. Nd5 Qf7 17. f3 fxg3 18. Nxf6+ Bxf6 19. hxg3 Bxc4 20. Qe3 Bxa2 21.
Rfc1 c6 22. Bb4 Rfd8 23. Bf1 Kg7 24. Kg2 a5 25. Bc5 a4 26. Be2 Bb3 27. Rh1 Be7
28. Rac1 Bxc5 29. Rxc5 Qe7 30. Qc3 Rd4 31. f4 gxf4 32. gxf4 Rxe4 33. Qg3+ Kf8
34. Rxh6 Qg7 35. Rg6 Qh7 36. Bd3 Bd5 37. Bxe4 Bxe4+ 0-1

[Event "SR 3. liga A2 2012/2013"]
[Site "?"]
[Date "2012.12.09"]
[Round "5.5"]
[White "Sarmir, Milos"]
[Black "Bukovsky, Milan"]
[Result "0-1"]
[WhiteElo "2067"]
[BlackElo "1956"]
[PlyCount "124"]
[EventDate "2012.??.??"]

1. Nf3 Nf6 2. g3 g6 3. Bg2 Bg7 4. O-O O-O 5. c4 d5 6. cxd5 Nxd5 7. Nc3 c6 8. e4
Nb6 9. d4 Bg4 10. e5 Qd7 11. Be3 Na6 12. Qe2 Nb4 13. Rad1 Rad8 14. a3 N4d5 15.
Ne4 Nxe3 16. fxe3 Qc8 17. Nf2 Be6 18. Rc1 Bh6 19. Nd2 f6 20. Nd3 Bg4 21. Bf3
Bxf3 22. Nxf3 Qg4 23. Nf2 Qe6 24. Nd3 Qg4 25. exf6 exf6 26. Nf2 Qe6 27. Rce1
Rfe8 28. e4 Nc4 29. Nd1 Nd6 30. Nc3 Qc4 31. Qf2 Qd3 32. e5 Nf5 33. Ne4 Be3 34.
Nxf6+ Kh8 35. Rxe3 Nxe3 36. Re1 Nc2 37. Rc1 Ne3 38. Nxe8 Rxe8 39. Ng5 Nf5 40.
Nf3 Rf8 41. Re1 Nh4 42. Nxh4 Rxf2 43. Kxf2 Qxd4+ 44. Kf1 Kg7 45. e6 Kf8 46. e7+
Ke8 47. Re2 a5 48. Nf3 Qf6 49. Kg2 b5 50. h4 b4 51. axb4 axb4 52. Ng5 h6 53.
Nh7 Qd4 54. Nf8 Qd3 55. Re6 Qd5+ 56. Kf2 c5 57. Re3 Qd2+ 58. Kf3 Qxb2 59. Nxg6
Qf6+ 60. Nf4 Qc6+ 61. Kf2 Qa4 62. Nd5 Qa2+ 0-1

[Event "SR 3. liga A2 2012/2013"]
[Site "?"]
[Date "2012.12.09"]
[Round "5.5"]
[White "Klanica, Anton"]
[Black "Vagovsky, Jozef"]
[Result "1/2-1/2"]
[WhiteElo "1853"]
[BlackElo "1971"]
[PlyCount "91"]
[EventDate "2012.??.??"]

1. e4 e5 2. Nf3 Nf6 3. Nxe5 d6 4. Nf3 Nxe4 5. Qe2 Qe7 6. d3 Nf6 7. Nc3 Bg4 8.
Qxe7+ Bxe7 9. Be2 Na6 10. a3 c6 11. h3 Be6 12. Be3 Nc7 13. Bd2 h6 14. Nh2 Nd7
15. Bg4 Ne5 16. Bxe6 Nxe6 17. O-O Nd4 18. Rac1 O-O 19. Rfe1 Rfe8 20. Ne2 Nf5
21. Kf1 Bf6 22. Rb1 Rad8 23. Ba5 b6 24. Bd2 c5 25. Nc3 Nd4 26. f4 Nec6 27.
Rxe8+ Rxe8 28. Ne4 Bh4 29. g3 Be7 30. c3 Nb3 31. Be1 d5 32. Nd2 Nca5 33. Nhf3
Bd6 34. Rd1 Kf8 35. Bf2 Nxd2+ 36. Nxd2 Nc6 37. Ra1 f5 38. Nf3 Kf7 39. Re1 Rxe1+
40. Kxe1 Ke6 41. Ke2 Be7 42. Be3 Bf6 43. Bd2 a6 44. Kd1 Kd7 45. g4 Ke6 46. Ke2
1/2-1/2

[Event "SR 3. liga A2 2012/2013"]
[Site "?"]
[Date "2012.12.09"]
[Round "5.5"]
[White "Vlkovic, Pavol"]
[Black "Holicky, Miroslav"]
[Result "0-1"]
[WhiteElo "1801"]
[BlackElo "1750"]
[PlyCount "84"]
[EventDate "2012.??.??"]

1. e4 e5 2. Bc4 Nf6 3. d3 Be7 4. Nf3 Nc6 5. c3 O-O 6. O-O d6 7. Re1 Na5 8. Bb5
a6 9. Ba4 Bg4 10. Nbd2 b5 11. Bc2 c5 12. Nf1 Nc6 13. Ng3 Qc7 14. h3 Be6 15. Qe2
Rad8 16. Bd2 Rfe8 17. Nf5 Bxf5 18. exf5 Qc8 19. g4 Nd7 20. Ng5 d5 21. Qf1 c4
22. dxc4 bxc4 23. Qg2 Nf6 24. Nf3 Bc5 25. Bg5 e4 26. Nh4 Ne5 27. Kh1 Qb7 28. b3
Qb6 29. Be3 Nd3 30. Bxd3 exd3 31. Bxc5 Qxc5 32. b4 Qd6 33. f3 Qf4 34. Qh2 Qxh2+
35. Kxh2 Nd7 36. f4 Nb6 37. Nf3 Na4 38. Rxe8+ Rxe8 39. Rc1 Re2+ 40. Kg3 d2 41.
Rd1 Nxc3 42. Nd4 Re3+ 0-1

[Event "SR 3. liga A2 2012/2013"]
[Site "?"]
[Date "2012.12.09"]
[Round "5.5"]
[White "Jancik, Ondrej"]
[Black "Hornak, Pavol"]
[Result "1-0"]
[WhiteElo "1701"]
[BlackElo "1753"]
[PlyCount "65"]
[EventDate "2012.??.??"]

1. e4 c5 2. Nf3 a6 3. d4 cxd4 4. Nxd4 Nf6 5. Nc3 e5 6. Nf3 Bb4 7. Bd2 Bxc3 8.
Bxc3 Nxe4 9. Bxe5 Qa5+ 10. c3 f6 11. Bd4 O-O 12. Bd3 d5 13. Qb3 Qd8 14. O-O Kh8
15. h3 b5 16. Rad1 Bb7 17. Bb1 Qc7 18. Be3 Nd7 19. Nd4 Rae8 20. Qc2 f5 21. f3
Nd6 22. Qf2 Qd8 23. Rfe1 Qf6 24. Ne2 Re7 25. Nf4 Rfe8 26. Nxd5 Bxd5 27. Rxd5
Nc4 28. Rxf5 Qd6 29. Be4 Nxe3 30. Qxe3 Nf6 31. Qd4 Qe6 32. Rf4 Rd8 33. Qxd8+
1-0

[Event "SR 3. liga A2 2012/2013"]
[Site "?"]
[Date "2012.12.09"]
[Round "5.6"]
[White "Papanek, Lubomir"]
[Black "Klimes, Karel"]
[Result "1/2-1/2"]
[WhiteElo "1590"]
[BlackElo "1724"]
[PlyCount "63"]
[EventDate "2012.??.??"]

1. d4 d5 2. c4 e6 3. Nf3 Nf6 4. e3 c5 5. Nc3 cxd4 6. exd4 Be7 7. Bd3 dxc4 8.
Bxc4 O-O 9. O-O Nc6 10. Be3 b6 11. a3 Bb7 12. Rc1 Rc8 13. Ba2 Qd6 14. h3 Rfd8
15. Bb1 Ba6 16. Re1 Na5 17. Bg5 Bc4 18. Ne4 Nxe4 19. Bxe7 Qxe7 20. Rxe4 Qf6 21.
Ne5 Bd5 22. Ng4 Qg5 23. f4 Qf5 24. Ne3 Qf6 25. Ng4 Qe7 26. Re3 Qh4 27. Rec3
Rxc3 28. Rxc3 f5 29. Ne3 Qxf4 30. Nxd5 Rxd5 31. Rc8+ Kf7 32. Qh5+ 1/2-1/2

[Event "SR 3. liga A2 2012/2013"]
[Site "?"]
[Date "2012.12.09"]
[Round "5.6"]
[White "Holly, Milan"]
[Black "Zajicek, Ferdinand"]
[Result "0-1"]
[WhiteElo "1837"]
[BlackElo "1830"]
[PlyCount "62"]
[EventDate "2012.??.??"]

1. d3 c5 2. g3 Nf6 3. Bg2 g6 4. f4 Bg7 5. Nf3 d6 6. O-O O-O 7. e4 Nc6 8. c4 Rb8
9. Nc3 a6 10. Be3 Ng4 11. Bd2 Nd4 12. Ne2 Nxe2+ 13. Qxe2 Bxb2 14. Rab1 Bg7 15.
Rb3 b5 16. a3 Bd7 17. Rfb1 Qc7 18. h3 Nf6 19. e5 Ne8 20. Ng5 dxe5 21. fxe5 Bxe5
22. Ba5 Bd4+ 23. Kh1 Qxa5 24. Qxe7 Qd8 25. Re1 Bf6 26. Qxd8 Bxd8 27. Ne4 Be7
28. Nc3 Bd6 29. Bd5 Nf6 30. Bg2 Bxg3 31. Re2 bxc4 0-1

[Event "SR 3. liga A2 2012/2013"]
[Site "?"]
[Date "2012.12.09"]
[Round "5.6"]
[White "Kastler, Peter"]
[Black "Hrubos, Milan"]
[Result "0-1"]
[WhiteElo "1714"]
[BlackElo "1786"]
[PlyCount "74"]
[EventDate "2012.??.??"]

1. d4 d5 2. c4 c6 3. Nc3 Nf6 4. Bg5 e6 5. e3 h6 6. Bh4 Nbd7 7. Bd3 dxc4 8. Bxc4
b5 9. Bd3 Qa5 10. a3 Bb7 11. b4 Qb6 12. Nf3 a5 13. Na2 Nd5 14. e4 Nf4 15. O-O
Nxd3 16. Qxd3 axb4 17. Nxb4 Ra4 18. Nc2 c5 19. dxc5 Nxc5 20. Qc3 Nxe4 21. Qb2
Nd2 22. Nxd2 Rxh4 23. Rab1 Rh5 24. Nd4 Bd6 25. N2f3 O-O 26. Qe2 Bxf3 27. Nxf3
Bxa3 28. Ne5 Rxe5 29. Qxe5 b4 30. Rb3 Rc8 31. Qf4 Qc5 32. h3 Qc2 33. Rfb1 Rc3
34. Rxc3 Qxb1+ 35. Kh2 bxc3 36. Qc7 c2 37. Qd8+ Bf8 0-1